| 000 | 00543nam a2200229Ia 4500 | ||
|---|---|---|---|
| 005 | 20250425162515.0 | ||
| 008 | 250425s9999 xx 000 0 und d | ||
| 020 | _a0678082964 | ||
| 041 | _aeng | ||
| 082 | _a551 | ||
| 100 | _aKELLER, EDWARD A. | ||
| 245 | 0 | _aENVIRONMENTAL GEOLOGY | |
| 250 | _a2ND ED. | ||
| 260 | _aCOLUMBUS | ||
| 260 |
_aEstados Unidos _bMERRILL _c1976 |
||
| 300 | _a548 | ||
| 500 | _aDONADO POR ING. NUÑEZ DEL ARCO | ||
| 650 | _aGEOLOGIA AMBIENTAL | ||
| 650 | _aMINERALES | ||
| 942 | _c01 | ||
| 010 | _a79984 | ||
| 999 |
_c230621 _d230621 |
||